[Event "Tres Lagoas nt"]
[Site "Tres Lagoas"]
[Date "2015.08.08"]
[Round "1.5"]
[White "Amorim, Joao Vitor Cunha Vi"]
[Black "Sirahata Hasegava, Flavia"]
[Result "0-1"]
[WhiteElo "1779"]
[BlackElo "1531"]
[PlyCount "64"]
[EventDate "2015.08.08"]
[EventType "swiss"]
[EventRounds "5"]
[EventCountry "BRA"]
[SourceTitle "EXT 2022"]
[Source "ChessBase"]
[SourceDate "2021.10.06"]
[SourceVersion "1"]
[SourceVersionDate "2021.10.06"]
[SourceQuality "1"]

1. e4 c5 2. Nf3 d6 3. Nc3 e6 4. Ng5 Qxg5 5. d3 Qd8 6. Be2 Nf6 7. Bg5 Be7 8. Nb5 a6 9. Nc3 0-0 10. Na4 b5 11. Nc3 Bb7 12. h3 Nc6 13. g4 Nd4 14. Bf1 Qc7 15. Be3 d5 16. exd5 Nxd5 17. Nxd5 Bxd5 18. Rg1 Nf3+ 19. Ke2 Nxg1+ 20. Ke1 Qa5+ 21. Bd2 Nf3+ 22. Ke2 Nxd2 23. Qxd2 Bf3+ 24. Kxf3 Qxd2 25. Kg2 c4 26. dxc4 Bc5 27. Kh2 Qxf2+ 28. Bg2 Bd6+ 29. Kh1 Qg3 30. Kg1 Rfc8 31. cxb5 Rxc2 32. Kf1 Qf2# 0-1